Copyright protection of translation diplomová práca

Saved in:
Bibliographic Details
Main Author: Rovný, Denis
Corporate Author: Fakulta aplikovaných jazykov EU v Bratislave. Katedra jazykovedy a translatológie
Other Authors: Štefčík, Jozef, 1976-
Format: Book
Language:English
Published: Bratislava 2025
Tags: Add Tag
No Tags, Be the first to tag this record!

MARC

LEADER 00000nbm a2200000 4500
001 0308976
005 20260211105401.6
041 0 |a eng 
044 |a SK 
245 1 0 |a Copyright protection of translation  |b diplomová práca  |c Denis Rovný ; školiteľ: Jozef Štefčík 
264 1 |a Bratislava  |c 2025 
300 |a 58 s. 
100 1 |a Rovný, Denis 
700 1 |a Štefčík, Jozef, 1976- 
710 2 |a Fakulta aplikovaných jazykov EU v Bratislave. Katedra jazykovedy a translatológie